|
|
|
|
| LEADER |
01504nam a2200421 a 4500 |
| 001 |
nkc20122345065 |
| 003 |
CZ PrNK |
| 005 |
20120420084206.0 |
| 007 |
ta |
| 008 |
120228s2012 xr ac e f 000 0 cze |
| 015 |
|
|
|a cnb002345065
|
| 020 |
|
|
|a 978-80-247-4118-5
|q (brož.)
|
| 035 |
|
|
|a (OCoLC)791325216
|
| 040 |
|
|
|a OLA001
|b cze
|d ABA001
|
| 072 |
|
7 |
|a 005
|x Management. Řízení
|2 Konspekt
|9 4
|
| 080 |
|
|
|a 005.745
|2 MRF
|
| 080 |
|
|
|a 005.57
|2 MRF
|
| 080 |
|
|
|a (035)
|2 MRF
|
| 100 |
1 |
|
|a Plamínek, Jiří,
|d 1958-
|7 jn20001103074
|4 aut
|
| 245 |
1 |
0 |
|a Vedení porad :
|b jak dosáhnout maximálního výsledku s minimem lidí, času a energie /
|c Jiří Plamínek
|
| 250 |
|
|
|a 2., rozš. vyd.
|
| 260 |
|
|
|a Praha :
|b Grada,
|c 2012
|
| 300 |
|
|
|a 120 s. :
|b il., 1 portrét ;
|c 21 cm
|
| 490 |
1 |
|
|a Poradce pro praxi
|
| 504 |
|
|
|a Obsahuje bibliografie
|
| 650 |
0 |
7 |
|a pracovní porady
|7 ph124532
|2 czenas
|
| 650 |
0 |
7 |
|a manažerská komunikace
|7 ph198716
|2 czenas
|
| 650 |
0 |
9 |
|a corporate meetings
|2 eczenas
|
| 650 |
0 |
9 |
|a communication in management
|2 eczenas
|
| 655 |
|
7 |
|a příručky
|7 fd133209
|2 czenas
|
| 655 |
|
9 |
|a handbooks and manuals
|2 eczenas
|
| 830 |
|
0 |
|a Poradce pro praxi
|0 s
|
| 910 |
2 |
|
|a BOA001
|b 2-1283.026
|
| 990 |
|
|
|a BK
|
| 995 |
|
|
|a 01
|
| 991 |
|
|
|b 201204
|c NOV
|e n
|
| 996 |
6 |
|
|b 2610505803
|c 2-1283.026
|l MZK
|r Sklad / do 1 hodiny
|n 15
|p p.v.
|w 001235111
|u 000010
|a 1
|e BOA001
|j MZK50
|s P
|
| 996 |
7 |
|
|b 2610507648
|c 2-1283.026
|l Vol.výběr
|r VV 0p
|n 34
|p kup
|h 005 PLA
|w 001235111
|u 000020
|a 0
|e BOA001
|j MZK50
|s A
|